[Event "59th Groningen Open 2023"]
[Site "Groningen NED"]
[Date "2023.12.23"]
[Round "3.5"]
[White "Krasenkow, Michal"]
[Black "Kanov, Nikola"]
[Result "1-0"]
[WhiteTitle "GM"]
[BlackTitle "FM"]
[WhiteElo "2532"]
[BlackElo "2371"]
[WhiteFideId "1113100"]
[BlackFideId "2928531"]
[EventDate "2023.12.21"]

1. d4 Nf6 2. c4 e6 3. Nc3 Bb4 4. e3 O-O 5. Bd3 d5 6. Ne2 dxc4 7. Bxc4 c5 8. a3
Bxc3+ 9. bxc3 Qc7 10. Ba2 Rd8 11. O-O e5 12. f3 Be6 13. Bxe6 fxe6 14. Qb3 c4 15.
Qa2 Nbd7 16. e4 exd4 17. cxd4 b5 18. Rb1 Rab8 19. Nc3 a6 20. Be3 e5 21. Rfd1 Kh8
22. Qf2 Qa5 23. Qb2 Qc7 24. Na2 Nb6 25. dxe5 Na4 26. Qa1 Nd7 27. Nb4 Ndc5 28.
Nd5 Qc6 29. Bxc5 Qxc5+ 30. Kh1 Re8 31. f4 c3 32. Rbc1 Rbc8 33. Qa2 a5 34. Rd3 h6
35. g3 Kh7 36. Nf6+ Kh8 37. Nxe8 Rxe8 38. Kg2 b4 39. axb4 Qxb4 40. Kf3 Nc5 41.
Re3 Rd8 42. Rcxc3 Nxe4 43. Rcd3 Nd2+ 44. Kg4 Rxd3 45. Rxd3 Nc4 46. Kh3 g5 47.
Rd8+ Kg7 48. Rd7+ Kf8 49. Qc2 g4+ 50. Kh4 Ke8 51. e6 1-0

[Event "59th Groningen Open 2023"]
[Site "Groningen NED"]
[Date "2023.12.23"]
[Round "3.6"]
[White "Gomes, Mary Ann"]
[Black "Reinderman, Dimitri"]
[Result "1/2-1/2"]
[WhiteTitle "WGM"]
[BlackTitle "GM"]
[WhiteElo "2332"]
[BlackElo "2580"]
[WhiteFideId "5013623"]
[BlackFideId "1001302"]
[EventDate "2023.12.21"]

1. Nf3 d5 2. g3 c5 3. Bg2 Nc6 4. c4 dxc4 5. Na3 e5 6. O-O Be6 7. Qa4 f6 8. Nxc4
Ne7 9. d3 Nd5 10. Bd2 Qd7 11. Rfc1 Rb8 12. Ne3 Nb6 13. Qd1 Be7 14. a4 a5 15. Bc3
Nc8 16. Nd2 b6 17. f4 exf4 18. gxf4 O-O 19. f5 Bf7 20. Qe1 Nd4 21. Qf2 Re8 22.
Bxd4 cxd4 23. Ng4 Na7 24. Qg3 Rbc8 25. Nh6+ Kf8 26. Nxf7 Kxf7 27. Qf3 Bb4 28.
Nb3 Re5 29. Qb7 Qxb7 30. Bxb7 Rce8 31. Rc7+ R8e7 32. Rac1 Rxe2 33. Nxd4 Re5 34.
Rxe7+ Kxe7 35. Nf3 Rc5 36. Rxc5 Bxc5+ 1/2-1/2

[Event "59th Groningen Open 2023"]
[Site "Groningen NED"]
[Date "2023.12.23"]
[Round "3.10"]
[White "De Boer, Eelke"]
[Black "Ter-Avetisjana, Agnesa Stepania"]
[Result "1-0"]
[WhiteTitle "FM"]
[BlackTitle "WFM"]
[WhiteElo "2346"]
[BlackElo "1974"]
[WhiteFideId "1048120"]
[BlackFideId "11614900"]
[EventDate "2023.12.21"]

1. e4 c6 2. d4 d5 3. e5 Bf5 4. Nf3 e6 5. Be2 c5 6. c3 Nc6 7. O-O Bg4 8. Nbd2
cxd4 9. cxd4 Qb6 10. a3 a5 11. h3 Bh5 12. Qa4 Ne7 13. b4 Bxf3 14. Nxf3 Nf5 15.
Bd2 Be7 16. Bc3 O-O 17. b5 Nb8 18. Bd3 Nd7 19. Qc2 g6 20. Qd2 Rfc8 21. a4 Qa7
22. Bb2 Bb4 23. Qf4 Nb6 24. g4 Ng7 25. Qh6 Nd7 26. h4 Ne8 27. Rac1 Bf8 28. Qf4
Be7 29. h5 Nb6 30. Ba3 Bd8 31. hxg6 hxg6 32. Bxg6 fxg6 33. Qf8+ Kh7 34. Kg2 1-0

[Event "59th Groningen Open 2023"]
[Site "Groningen NED"]
[Date "2023.12.24"]
[Round "4.22"]
[White "Nicolai, Amir"]
[Black "Jaiveer, Mahendru"]
[Result "1-0"]
[BlackTitle "FM"]
[WhiteElo "2156"]
[BlackElo "2294"]
[WhiteFideId "1027158"]
[BlackFideId "25611151"]
[EventDate "2023.12.21"]

1. d4 Nf6 2. c4 e6 3. g3 d5 4. Bg2 Bb4+ 5. Nd2 O-O 6. Nf3 b6 7. O-O c6 8. Qc2 a5
9. e4 Ba6 10. e5 Ne8 11. Rd1 Nd7 12. b3 Rc8 13. Nf1 Be7 14. Bf4 Nc7 15. h4 h6
16. h5 Qe8 17. Re1 c5 18. Ne3 cxd4 19. Nxd4 Bc5 20. Qd1 dxc4 21. bxc4 Kh8 22. a3
Nb8 23. Qd2 Rd8 24. Nec2 Bxc4 25. Bxh6 Bd5 26. Be4 Rg8 27. Bg5 Rd7 28. h6 g6 29.
h7 Rg7 30. Bf6 Bf8 31. Bd3 Kxh7 32. f3 Kg8 33. Kg2 g5 34. Rh1 Nc6 35. Qxg5 Bxf3+
36. Nxf3 Ne7 37. Bh7+ Kh8 38. Qh6 1-0

[Event "59th Groningen Open 2023"]
[Site "Groningen NED"]
[Date "2023.12.24"]
[Round "4.23"]
[White "Van Helvoort, Rob"]
[Black "Besou, Hussain"]
[Result "1-0"]
[BlackTitle "FM"]
[WhiteElo "2098"]
[BlackElo "2280"]
[WhiteFideId "1005596"]
[BlackFideId "16269950"]
[EventDate "2023.12.21"]

1. e4 c5 2. Nf3 d6 3. Bb5+ Nd7 4. c3 Nf6 5. Qe2 a6 6. Ba4 b5 7. Bc2 Bb7 8. d4 e5
9. d5 g6 10. O-O Bg7 11. b3 O-O 12. a4 b4 13. a5 bxc3 14. Nxc3 Ne8 15. Bd3 h6
16. g3 Nc7 17. Bd2 Bc8 18. Nh4 Nf6 19. Na4 Nb5 20. Bxb5 axb5 21. Nb6 Ra7 22.
Nxc8 Qxc8 23. f3 Qa6 24. b4 Rc7 25. Rfc1 Rfc8 26. Qe3 Nd7 27. Rab1 cxb4 28. Rxc7
Rxc7 29. Bxb4 Rc4 30. Ng2 Nc5 31. Ne1 Na4 32. Kg2 f5 33. Nd3 Rc2+ 34. Nf2 f4 35.
Qd3 Rc4 36. Qb3 Rc8 37. Bd2 fxg3 38. hxg3 Rb8 39. Rc1 Nc5 40. Qb4 Qb7 41. Be3
Bf8 42. Rh1 h5 43. g4 Qf7 44. Qd2 Be7 45. Bg5 Rf8 46. Rh3 Nb3 47. Qe3 Nd4 48.
Bxe7 Qxe7 49. gxh5 gxh5 50. Qh6 Ne2 51. Kf1 Qg7 52. Qxg7+ Kxg7 53. Kxe2 Ra8 54.
Rxh5 b4 55. Rh1 Rxa5 56. Rb1 Ra2+ 57. Ke3 1-0

[Event "59th Groningen Open 2023"]
[Site "Groningen NED"]
[Date "2023.12.26"]
[Round "5.26"]
[White "Jaiveer, Mahendru"]
[Black "Schuricht, Emil Frederick"]
[Result "1-0"]
[WhiteTitle "FM"]
[WhiteElo "2294"]
[BlackElo "2095"]
[WhiteFideId "25611151"]
[BlackFideId "16270185"]
[EventDate "2023.12.21"]

1. e4 c6 2. d4 d5 3. f3 dxe4 4. fxe4 e5 5. Nf3 Bg4 6. c3 Nd7 7. Bc4 Bd6 8. Qb3
Qe7 9. Qxb7 Rb8 10. Qxc6 Bxf3 11. gxf3 Nf6 12. dxe5 Bxe5 13. Be3 O-O 14. Nd2
Rxb2 15. Bb3 Bd6 16. Qa6 Bc5 17. Qe2 Rd8 18. Rd1 Ne5 19. O-O Nxe4 20. fxe4 Qg5+
21. Kh1 Bxe3 22. Rf5 Qh4 23. Qxe3 Qxh2+ 24. Kxh2 Ng4+ 25. Kg3 Nxe3 26. Rxf7 Rxb3
27. Nxb3 Nxd1 28. Rxa7 Nxc3 29. e5 Re8 30. Kf4 g5+ 31. Kf5 g4 32. Nc5 g3 33. Nd7
Rf8+ 34. Nf6+ Rxf6+ 35. exf6 Ne2 36. Rg7+ Kf8 37. a4 h5 38. a5 h4 39. a6 Nd4+
40. Kg4 g2 41. Kh3 Nb5 42. Kxg2 1-0

[Event "59th Groningen Open 2023"]
[Site "Groningen NED"]
[Date "2023.12.27"]
[Round "6.24"]
[White "Goudriaan, Rafael"]
[Black "Labruyere, Roger"]
[Result "1/2-1/2"]
[WhiteElo "2039"]
[BlackElo "2208"]
[WhiteFideId "1063162"]
[BlackFideId "1059505"]
[EventDate "2023.12.21"]

1. e4 c5 2. Nf3 d6 3. Bb5+ Nd7 4. c4 a6 5. Ba4 e5 6. Nc3 Nf6 7. d3 Be7 8. h3 O-O
9. Be3 Rb8 10. Qd2 Ne8 11. g4 Nc7 12. Bb3 Re8 13. Nh2 Nf8 14. f4 Bh4+ 15. Kd1
exf4 16. Bxf4 Ng6 17. Be3 Be6 18. Nf3 Bg3 19. Kc2 b5 20. Rag1 Be5 21. h4 bxc4
22. dxc4 Qc8 23. h5 Ne7 24. h6 Ng6 25. Nxe5 Nxe5 26. hxg7 Nxg4 27. Bf4 Qb7 28.
Qe2 Bf5 29. Kc1 Nf6 30. Rh6 Nxe4 31. Nxe4 Bxe4 32. Qh2 Bf5 33. Rh1 Qe4 34. Bc2
Qxc2+ 35. Qxc2 Bxc2 36. Kxc2 Ne6 37. Bxd6 Rbc8 38. Rxh7 f6 39. R7h5 Kxg7 40.
Rh7+ Kg6 41. R7h6+ Kf7 42. Rh7+ Kg6 43. R7h6+ Kg5 44. R1h5+ Kg4 45. Rh4+ Kf5 46.
Rh2 Nd4+ 47. Kd3 Ke6 48. Bxc5 Nf3 49. Re2+ Ne5+ 50. Rxe5+ Kxe5 51. Bd4+ Kd6 52.
Rxf6+ Kc7 53. Rxa6 Rg8 54. Ra7+ Kb8 55. Rd7 Rg3+ 56. Kd2 Rxc4 1/2-1/2

[Event "59th Groningen Open 2023"]
[Site "Groningen NED"]
[Date "2023.12.28"]
[Round "7.32"]
[White "Krasenkowa, Elena"]
[Black "Mohtaat, Homayoun"]
[Result "1-0"]
[WhiteTitle "WIM"]
[WhiteElo "2109"]
[BlackElo "2013"]
[WhiteFideId "4119037"]
[BlackFideId "11701552"]
[EventDate "2023.12.21"]

1. d4 Nf6 2. c4 g6 3. Nc3 Bg7 4. e4 d6 5. h3 O-O 6. Nf3 e5 7. d5 a5 8. Bg5 h6 9.
Be3 Na6 10. Be2 Nc5 11. Nd2 b6 12. a3 Bd7 13. b4 axb4 14. axb4 Na6 15. Rb1 Nh7
16. h4 f5 17. f3 f4 18. Bf2 Nf6 19. Bd3 g5 20. hxg5 hxg5 21. Qe2 1-0

[Event "59th Groningen Open 2023"]
[Site "Groningen NED"]
[Date "2023.12.29"]
[Round "8.8"]
[White "Nevednichy, Vladislav"]
[Black "De Winter, Arthur"]
[Result "1/2-1/2"]
[WhiteTitle "GM"]
[BlackTitle "FM"]
[WhiteElo "2452"]
[BlackElo "2405"]
[WhiteFideId "1205730"]
[BlackFideId "1069020"]
[EventDate "2023.12.21"]

1. e4 c5 2. Nf3 d6 3. Bb5+ Nd7 4. a4 Nf6 5. Nc3 g6 6. O-O Bg7 7. d4 cxd4 8. Nxd4
a6 9. Be2 O-O 10. Be3 Ne5 11. h3 Bd7 12. f4 Nc6 13. Nb3 Rc8 14. a5 Be6 15. Bb6
Qe8 16. Nd2 d5 17. f5 gxf5 18. exf5 Bd7 19. Nb3 Kh8 20. Nxd5 Nxd5 21. Qxd5 e6
22. fxe6 Bxe6 23. Qh5 f5 24. Qxe8 Rfxe8 25. Bh5 Rg8 26. Rae1 Bc4 27. Rxf5 Bxb2
28. Bg4 Rce8 29. Rb1 Bc3 30. Rf4 Ne5 31. Bh5 Re7 32. Bd4 Bxd4+ 33. Nxd4 Bd5 34.
Rf2 Nc4 35. Ra1 Re5 36. Be2 Ne3 37. Bf3 Bxf3 38. Nxf3 Rc5 39. Rb1 Rxa5 40. Re2
Ra3 41. Nd4 Nd5 42. Rxb7 Nf4 43. Rd2 Rag3 44. Nf5 Rxg2+ 45. Rxg2 Rxg2+ 46. Kf1
Rg8 47. c4 Rf8 48. Nd6 Kg8 49. Ra7 Nxh3+ 50. Ke2 h5 51. Rxa6 h4 52. Ke3 Nf2 53.
Ne4 Re8 54. Kxf2 Rxe4 1/2-1/2

[Event "59th Groningen Open 2023"]
[Site "Groningen NED"]
[Date "2023.12.29"]
[Round "8.18"]
[White "De Jong, Migchiel"]
[Black "Boer, Alef"]
[Result "1-0"]
[WhiteTitle "IM"]
[WhiteElo "2301"]
[BlackElo "2017"]
[WhiteFideId "1002848"]
[BlackFideId "1007122"]
[EventDate "2023.12.21"]

1. e4 c5 2. Nf3 d6 3. Bb5+ Nd7 4. Ba4 a6 5. c3 Nf6 6. d3 b5 7. Bc2 Bb7 8. Nbd2
e6 9. O-O Be7 10. Re1 Qc7 11. d4 O-O 12. Nf1 cxd4 13. cxd4 Rfc8 14. Bd3 e5 15.
Ng3 Bf8 16. h3 g6 17. Bd2 Qb6 18. Be3 Qa5 19. a3 Qd8 20. Qd2 Bg7 21. Rad1 Qc7
22. Bh6 Bh8 23. Nf5 Re8 24. Rc1 Qb8 25. d5 Nh5 26. Ng3 Nxg3 27. fxg3 Bg7 28. Rf1
f6 29. g4 Qd8 30. Rce1 g5 31. Bxg7 Kxg7 32. Rf2 h6 33. Nh2 Nf8 34. Nf1 Nh7 35.
Ng3 Bc8 36. Ref1 Rf8 37. Qe3 Bd7 38. Nh5+ Kg6 39. Kh2 Rf7 40. Rc2 Rc8 41. Qf2
Rf8 42. Rxc8 Bxc8 43. Rc1 Re8 44. Qa7 Re7 45. Rxc8 1-0

[Event "59th Groningen Open 2023"]
[Site "Groningen NED"]
[Date "2023.12.29"]
[Round "8.22"]
[White "Van Helvoort, Rob"]
[Black "Mierins, Emils Janis"]
[Result "1-0"]
[WhiteElo "2098"]
[BlackElo "2258"]
[WhiteFideId "1005596"]
[BlackFideId "11616830"]
[EventDate "2023.12.21"]

1. e4 c5 2. Nf3 e6 3. c3 d5 4. exd5 exd5 5. Bb5+ Nc6 6. O-O Bd6 7. d4 Ne7 8.
dxc5 Bxc5 9. Bf4 O-O 10. Bd3 Bf5 11. Bxf5 Nxf5 12. Qd3 Qd7 13. Nbd2 Rad8 14. Nb3
Bb6 15. Rad1 Rfe8 16. Rfe1 Rxe1+ 17. Rxe1 d4 18. Kf1 h6 19. c4 Nb4 20. Qd2 Qa4
21. c5 Ba5 22. Nxa5 Qxa5 23. g4 Qb5+ 24. Kg2 Nd3 25. gxf5 Nxe1+ 26. Nxe1 Qxc5
27. Qd3 Qd5+ 28. Nf3 Qxa2 29. f6 g6 30. Bxh6 Qe6 31. h3 Rd5 32. Qa3 Qxf6 33.
Qf8+ Kh7 34. h4 Rd8 35. Ng5+ Qxg5+ 36. hxg5 Rxf8 37. Bxf8 Kg8 38. Be7 d3 39. Kf3 1-0